Datum a čas kvízu
30
Celkem bodů
Celkový počet nahraných bodů na tomto kvízu bez doplňovacích otázek.
3.
Pořadí na kvízu
Konečné umístění týmu na tomto kvízu.
Zaznamenané odpovědi
| # | Otázka | Odpověď | Body | Výsledky |
|---|---|---|---|---|
| 1. | Andrej Babiš se při své návště... | 0 | ||
| 2. | Severokorejský vůdce Kim Čong-... | 0 | ||
| 3. | Jak se jmenuje první osobnost,... | 1 | ||
| 4. | Softwarový přehrávač MP3 od sp... | 1 | ||
| 5. | Málo vídaného výsledku 6:0 dos... | 1 | ||
| 6. | V hlasování na facebooku poraz... | 0 | ||
| 7. | Hrabalova matka pracovala jako... | 1 | ||
| 8. | Novela Taneční hodiny pro star... | 1 | ||
| 9. | Kterým slovem, pro Hrabala typ... | 1 | ||
| 10. | Celkem kolik osob cestuje dopr... | 1 |